Welcome to CU Library Online Public Access Catalogue (OPAC)

Physical diagnosis / (Record no. 3312)

MARC details
000 -LEADER
fixed length control field 00675pam a2200229 a 4500
001 - CONTROL NUMBER
control field 1915940
005 - DATE AND TIME OF LATEST TRANSACTION
control field 20250131154737.0
008 - FIXED-LENGTH DATA ELEMENTS--GENERAL INFORMATION
fixed length control field 851125s1987 mdua 001 0 eng c
020 ## - INTERNATIONAL STANDARD BOOK NUMBER
International Standard Book Number 0683011383 (pbk.)
050 10 - LIBRARY OF CONGRESS CALL NUMBER
Classification number RC76
Item number .A3 1987
082 00 - DEWEY DECIMAL CLASSIFICATION NUMBER
Classification number 616.07/54
Edition information 19
100 1# - MAIN ENTRY--PERSONAL NAME
Personal name Burnside, John W.,
Dates associated with a name 1941-
245 10 - TITLE STATEMENT
Title Physical diagnosis /
Statement of responsibility, etc. John W. Burnside, Thomas J. McGlynn.
250 ## - EDITION STATEMENT
Edition statement 17th ed.
260 ## - PUBLICATION, DISTRIBUTION, ETC.
Place of publication, distribution, etc. Baltimore :
Name of publisher, distributor, etc. Williams & Wilkins,
Date of publication, distribution, etc. c1987.
300 ## - PHYSICAL DESCRIPTION
Extent xiii, 313 p. :
Other physical details ill. (some col.) ;
Dimensions 26 cm.
500 ## - GENERAL NOTE
General note Includes index.
650 #0 - SUBJECT ADDED ENTRY--TOPICAL TERM
Topical term or geographic name entry element Physical diagnosis.
650 #2 - SUBJECT ADDED ENTRY--TOPICAL TERM
Topical term or geographic name entry element Diagnosis.
700 1# - ADDED ENTRY--PERSONAL NAME
Personal name McGlynn, Thomas J.
942 ## - ADDED ENTRY ELEMENTS (KOHA)
Source of classification or shelving scheme Library of Congress Classification
Koha item type Books
Edition 17th ed.
Suppress in OPAC No
999 ## -
-- 3312
-- 3312
Holdings
Withdrawn status Lost status Source of classification or shelving scheme Damaged status Not for loan Collection Home library Current library Shelving location Date acquired Total checkouts Full call number Barcode Date last seen Copy number Price effective from Koha item type
    Library of Congress Classification     Non-fiction Science Library (Miotso) Science Library (Miotso) General stacks 01/31/2025   RC76 .A3 BUR SLM00002687 01/31/2025 1 01/31/2025 Books
© 2023-2024 Copyright: Central University Libraries. All Rights Reserved | Created by: Mahone Tech Office